LEADER 00457nab a2200145 i 4500 001 000000318890 003 CaOOAMICUS 005 20180831173256.0 008 180831n xx uu u0 0fre r 013 $a28494 040 $aSeMil$bita 245 10$aThomistica 10. 700 1 $aBonino, Serge Thomas,$c.$0(OLS)http://semarc/name/20687 773 0 $t[SENZA TITOLO]. - Contiene.$gp.[279]-346$w()276662 996 $6245$aThomistica 10.$9(OLS)http://semarc/title/392696 LEADER 00942nam a2200241 i 4500 001 000000213261 003 CaOOAMICUS 005 20220808100249.0 008 120517s1776 it u000 u ita u 013 $a192116 026 $ao.io dila i.ti NaAu (3) 1776 (R) 040 $aSeMil$bita 100 1 $aRezzano, Francesco,$d<1731-1780>.$0(OLS)http://semarc/name/2897 245 12$aL'anima meditante cantici di Francesco Rezzano. 260 $aLucca :$b[s.n.],$c1776. 300 $a[24], 207, [1] p. ;$c8°. 500 $aTesto latino a fronte. - Vignetta xilogr. sul front. 500 $aSegn.: *12 A-N8. - Il v. dell'ultima c. è bianco 850 $aSeMil 852 $aSeMil$W1$xVenegono$y1$m1Y II 103 FA$j163691$B163691$CSeMilBibl$Z2$F174761 $8I 996 $6245$aL'anima meditante cantici di Francesco Rezzano$9(OLS)http://semarc/title/307521 996 $6260$aLucca :$b[s.n.]$9(OLS)http://semarc/publisher/44033